Sound and hearing

Bibliographic Details
Main Author: Farndon, John
Format: Book
Published: Selangor : Federal Publication , 2003
Series:Science experiments
Subjects:

MARC

LEADER 00000cam a2200000 7i4500
001 0000006050
005 20151222.0
008 070814
020 |a 983580818X 
090 0 0 |a SC   |b ENG 
100 1 |a Farndon, John 
245 1 0 |a Sound and hearing   |c John Farndon 
260 |a Selangor :   |b Federal Publication ,   |c 2003 
440 |a Science experiments 
500 |a Children ages 10-12 years old (pink) 
650 0 |a Hearing   |x Juvenile literature 
650 0 |a Sound   |x Juvenile literature 
999 |a 0000982280   |b Book   |c Children Collection   |e Cawangan Bandar Penawar 
999 |a 0000982283   |b Book   |c Children Collection   |e Perbadanan Perpustakaan Awam Johor 
999 |a 0001086462   |b Book   |c Children Collection   |e Cawangan Batu Pahat 
999 |a 0001086463   |b Book   |c Teenagers   |e Cawangan Bandar Tenggara 
999 |a 0001086465   |b Book   |c Children Collection   |e Cawangan Pontian 
999 |a 0001146957   |b Book   |c Children Collection   |e Cawangan Segamat 
999 |a 0001146958   |b Book   |c Children Collection   |e Cawangan Pontian 
999 |a 0001146959   |b Book   |c Children Collection   |e Cawangan Tmn. Ungku Tun Aminah 
999 |a 0001146960   |b Book   |c Children Collection   |e Cawangan Bandar Penawar 
999 |a 0001149487   |b Book   |c Teenagers   |e Cawangan Bandar Tenggara 
999 |a 0001149489   |b Book   |c Teenagers   |e Cawangan Bandar Tenggara 
999 |a 0001149490   |b Book   |c Children Collection   |e Cawangan Tangkak 
999 |a 0001149495   |b Book   |c Children Collection   |e Cawangan Batu Pahat 
999 |a 0001150706   |b Book   |c Teenagers   |e Cawangan Bandar Tenggara 
999 |a 0001150710   |b Book   |c Children Collection   |e Cawangan Bandar Penawar 
999 |a 0001150716   |b Book   |c Teenagers   |e Cawangan Bandar Tenggara 
999 |a 0001150722   |b Book   |c Children Collection   |e Cawangan Segamat 
999 |a 0001150746   |b Book   |c Children Collection   |e Cawangan Batu Pahat 
999 |a 0001150747   |b Book   |c Children Collection   |e Cawangan Pontian 
999 |a 0001150749   |b Book   |c Teenagers   |e Cawangan Bandar Tenggara 
999 |a 0001186463   |b Book   |c Teenagers   |e Cawangan Bandar Tenggara